header

Religious legal traditions, international human rights law and Muslim states (Record no. 215157)

MARC details
000 -LEADER
fixed length control field 02143nam a2200373 a 4500
082 04 - DEWEY DECIMAL CLASSIFICATION NUMBER
Classification number 341.4/8091767
100 1# - MAIN ENTRY--AUTHOR NAME
Personal name Hashemi, Kamran.
245 10 - TITLE STATEMENT
Title Religious legal traditions, international human rights law and Muslim states
260 ## - PUBLICATION, DISTRIBUTION, ETC. (IMPRINT)
Place of publication Leiden ;
-- Boston :
Name of publisher Martinus Nijhoff Publishers,
Year of publication 2008.
300 ## - PHYSICAL DESCRIPTION
Number of Pages xiii, 283 p.
490 1# - SERIES STATEMENT
Series statement Studies in religion, secular beliefs, and human rights,
505 0# - FORMATTED CONTENTS NOTE
Formatted contents note Muslim legal traditions of apostasy and relevant human rights law -- Current application of traditional rules of conversion and proselytizing -- Current application of traditional rules of blasphemy (sabb) -- Current application of traditional rules of heresy -- Muslim legal traditions of dhimmah and relevant human rights law -- Current application of public aspects of dhimmah -- Current application of personal aspects of dhimmah -- Implementation of the Convention on the Rights of the Child by Muslim states.
650 #0 - SUBJECT ADDED ENTRY--TOPICAL TERM
Topical Term Discrimination
Topical Term Human rights
Topical Term Dhimmis (Islamic law)
856 40 - ELECTRONIC LOCATION AND ACCESS
Uniform Resource Identifier http://site.ebrary.com/lib/rucke/Doc?id=10363920

No items available.

© 2026 Rongo University
Contact us: librarian | system librarian | Rongo university